Verbum dei et verbum gay /

সংরক্ষণ করুন:
গ্রন্থ-পঞ্জীর বিবরন
প্রধান লেখক: Lacchei, Massimo (লেখক)
বিন্যাস: গ্রন্থ
ভাষা:ইতালিয়
প্রকাশিত: Roma : Edizioni Libreria Croce, stampa 1999
মালা:Racconti
ট্যাগগুলো: ট্যাগ যুক্ত করুন
কোনো ট্যাগ নেই, প্রথমজন হিসাবে ট্যাগ করুন!

MARC

LEADER 00000nam a22000007i 4500
001 IT\ICCU\MOD\0419944
003 ItRI
005 20260115231952.0
008 010330s1999 it |||||| ||||| |||||c
020 |a 8887323089 
040 |b ita  |c importazione bologna sebina 
041 7 |a ita  |2 ISO-639-2 
100 1 |a Lacchei, Massimo  |0 IT\ICCU\BVEV\046106  |4 aut 
245 1 0 |a Verbum dei et verbum gay /  |c Massimo Lacchei. 
260 |a Roma :  |b Edizioni Libreria Croce,  |c stampa 1999 
300 |a 125 p. ;  |c 21 cm. 
830 0 |a Racconti  |0 IT\ICCU\BVE\0165830 
942 |2 ddc  |c BK  |n 0 
952 |0 0  |1 0  |4 0  |6 DOC_853_914000000000000_LAC  |7 0  |9 18085  |a BO  |b BO  |d 2026-01-15  |i 9968  |l 0  |o DOC 853.914 LAC  |p BO9968  |r 2026-01-15 23:19:52  |w 2026-01-15  |x [Sebina 5] [1 v. (2. copia)]  |y BK  |z 1 v. (2. copia) 
952 |0 0  |1 0  |4 0  |6 DOC_853_914000000000000_LAC  |7 0  |9 18086  |a BO  |b BO  |d 2026-01-15  |i 9519  |l 0  |o DOC 853.914 LAC  |p BO9519  |r 2026-01-15 23:19:52  |w 2026-01-15  |x [Sebina 5] [1 v.]  |y BK  |z 1 v. 
952 |0 0  |1 0  |4 0  |6 DOC_853_914000000000000_LAC  |7 0  |9 18087  |a BO  |b BO  |d 2026-01-15  |i 6187  |l 0  |o DOC 853.914 LAC  |p BO6187  |r 2026-01-15 23:19:52  |w 2026-01-15  |x [Sebina 5] [1 v.]  |y BK  |z 1 v. 
952 |0 0  |1 0  |4 0  |6 DOC_853_914000000000000_LAC  |7 0  |9 18088  |a BO  |b BO  |d 2026-01-15  |i 4966  |l 0  |o DOC 853.914 LAC  |p BO4966  |r 2026-01-15 23:19:52  |w 2026-01-15  |x [Sebina 5] [1 v. (4. copia)]  |y BK  |z 1 v. (4. copia) 
999 |c 15352  |d 15352